ASOIAF- All Northern Houses - Statistics

General Stats
  • This quiz has been taken 560 times
    555 since last reset
  • The average score is 18 of 63
Answer Stats
House % Correct
Stark
98%
Karstark
95%
Umber
94%
Bolton
93%
Manderly
85%
Mormont
84%
Glover
83%
Reed
82%
Flint
67%
Dustin
66%
Cerwyn
64%
Hornwood
60%
Cassel
52%
Ryswell
51%
Poole
48%
Locke
41%
Norrey
35%
Wull
35%
Greystark
31%
Tallheart
29%
Forrester
28%
Liddle
28%
Magnar
25%
Marsh
24%
Whitehill
20%
Stout
19%
Amber
16%
Fenn
15%
Fisher
15%
Slate
15%
Mollen
14%
Ashwood
13%
Frost
13%
Stane
13%
Crowl
12%
Knott
12%
Wells
12%
Boggs
11%
Branch
11%
Burley
11%
Condon
11%
Harclay
11%
Ironsmith
11%
Quagg
11%
Woods
11%
Blackmyre
10%
Bole
10%
Greengood
10%
Greenwood
10%
Lake
10%
Lightfoot
10%
Moss
10%
Overton
10%
Peat
10%
Towers
9%
Cray
8%
Glenmore
8%
Ryder
8%
Waterman
8%
Woodfoot
8%
Holt
7%
Long
7%
Woolfields
5%
No matching quizzes found
Score Distribution
Percent of People with Each Score
Percentile by Number Answered
Your Score History
You have not taken this quiz since the last reset